| 000 | 00748nam a2200217 a 4500 | ||
|---|---|---|---|
| 001 | BRCA_8763 | ||
| 005 | 20190320210410.0 | ||
| 008 | 280317s2007----mx-#######---#000-0#spa-# | ||
| 041 | _aspa | ||
| 044 | _amx | ||
| 050 | 4 |
_aPQ6352 _b.P46 2007 |
|
| 100 | 1 |
_aPeña, Ernesto de la _921822 |
|
| 245 | 1 | 0 |
_aDon Quijote _bla sinrazón sospechosa _cErnesto de la Peña. |
| 260 |
_aMéxico _bEl Autor _c2007 |
||
| 300 |
_a240 p. _c29 cm. |
||
| 500 | _aEdición de Javier Quijano Baz como homenaje a su querido amigo Ernesto de la Peña en su LXXX aniversario | ||
| 504 | _aBibliografía : p. 237-240 | ||
| 600 | 1 | 4 |
_aCervantes Saavedra, Miguel de _d1547-1616 _tDon Quijote de la Mancha _xCrítica e interpretación _921823 |
| 902 | _aCERV | ||
| 942 |
_2lcc _cB |
||
| 999 |
_c8414 _d8414 |
||